02222cab a2200325Ia 4500001000800000003000600008008004100014040000800055041001300063090002600076100001900102240015800121245015200279246018500431300001300616504002500629520088400654546002301538650003201561650002501593650002601618650001301644700001901657700001701676773009001693856007801783596000601861942001201867999001701879u198166SIRSI120212s2004 ua ss b eng d aEAL aengbara aART EJAR V82 No2 SI 71 aShehata, S. A.10aEgyptian journal of agricultural research, 2004 v. 82 (2), Special issueh[electronic resource]:bSecond International Conference of Organic Agriculture.10aEffect of some organic manures on growth and chemical composmon of sweet pepper (Capsicum annuum, L.) grown in a sandy soilh[electronic resource].15aتأثير بعض المخصبات العضوية علي نمو و التركيب الكميائي لمحصول الفلفل الحلو المنزرع في تربة رملية. ap.57-71. aIncludes references. aThis investigation was carried out to study the effect of some organic manures on growth, and chemical composition of pepper (Capsicum annuum, L.) in a sandy soil during 1999 and 2001 seasons. This investigation included 16 treatments ( NPK, cattle, chicken and compost containing 165 kg N/fed. and their combination). Treatments received NPK + chicken manure + compost at a rate of ( 113+1/3+113 ) increased plant height, number of leaves and stems as well as their fresh weight and increased concentration of N, P and K in leaves and stems. The same treatment increased total yield and physical properties "length, diameter, weight and flesh thickness" and chemical composition "ascorbic acid, acidity, carotiodies and T.S.S" of pepper fruits. Key words: Pepper, (Capsicum annuum, L), N fertilizer, Organic manure, Cattle, Chicken, Compost, Growth, Yield, Chemical composition. aSummary in Arabic. 0aSweet peppersxFertilizers. 0aOrganic fertilizers. 0aNitrogen fertilizers. 0aManures.1 aBehairy, A. G.1 aFawzy, Z. F.0 tEgyptian Journal of Agricultural Research. g2004.v.82(1)SIx1110-63367nnaswu15858540uhttp://nile.enal.sci.eg/EALE/2004/EJAR/8204/2si/57.pdfzFull Text Article a1 cAR2lcc c51064d51064